Thermophysical Properties of Complex Materials (Record no. 54150)
[ view plain ]
| 000 -LEADER | |
|---|---|
| fixed length control field | 01861nam a2200253Ia 4500 |
| 000 - LEADER | |
| fixed length control field | 02164naaa 00301uu |
| 001 - CONTROL NUMBER | |
| control field | https://directory.doabooks.org/handle/20.500.12854/67391 |
| 005 - DATE AND TIME OF LATEST TRANSACTION | |
| control field | 20260218110046.0 |
| 008 - FIXED-LENGTH DATA ELEMENTS--GENERAL INFORMATION | |
| fixed length control field | 211013s9999 xx 000 0 und d |
| 020 ## - INTERNATIONAL STANDARD BOOK NUMBER | |
| International Standard Book Number | 9781789848892 |
| 024 ## - OTHER STANDARD IDENTIFIER | |
| Standard number or code | 10.5772/intechopen.81990 |
| 042 ## - AUTHENTICATION CODE | |
| Authentication code | dc |
| 100 1# - MAIN ENTRY--PERSONAL NAME | |
| Personal name | Shahzad, Aamir |
| 245 #0 - TITLE STATEMENT | |
| Title | Thermophysical Properties of Complex Materials |
| 260 ## - PUBLICATION, DISTRIBUTION, ETC. | |
| Name of publisher, distributor, etc. | IntechOpen |
| Date of publication, distribution, etc. | 2020 |
| 300 ## - PHYSICAL DESCRIPTION | |
| Extent | 1 electronic resource (132 p.) |
| 520 ## - SUMMARY, ETC. | |
| Summary, etc. | This book assists in the exchange of research and progress outcomes concerned with the latest issues in thermophysical properties (TPPs) of complex liquids research, development, and production. Topics cover the control of transport properties of metallic alloys, thermal analysis of complex plasmas and instabilities in plasma devices, thermophysical properties at nanolevel, theoretical background of viscosities of hydrocarbons at varying temperature and pressure ranges, molecular modeling, and experimental investigations based on nanofluids and ionic conduction in solid-state electrolytes for thermodynamic data. This book enables global researchers to tackle the challenges that continue to generate cost-effective TPPs and the latest understanding in the development of complex materials and the collaboration of modern thermophysical generating technologies. Moreover, it provides a platform for different regional authors to exchange scientific knowledge and generate enthusiasm for science and technology. |
| 540 ## - TERMS GOVERNING USE AND REPRODUCTION NOTE | |
| Terms governing use and reproduction | Creative Commons |
| 653 ## - INDEX TERM--UNCONTROLLED | |
| Uncontrolled term | Fluid mechanics |
| 700 1# - ADDED ENTRY--PERSONAL NAME | |
| Personal name | Shahzad, Aamir |
| 856 ## - ELECTRONIC LOCATION AND ACCESS | |
| Uniform Resource Identifier | <a href="https://docs.google.com/spreadsheets/d/1yKIrdCPDAG_9c22mwoOIO2DOhtj65Wqa/edit?usp=sharing&ouid=106555315294820607512&rtpof=true&sd=true ">https://docs.google.com/spreadsheets/d/1yKIrdCPDAG_9c22mwoOIO2DOhtj65Wqa/edit?usp=sharing&ouid=106555315294820607512&rtpof=true&sd=true </a> |
| Link text | List of Curated E-Books |
| 942 ## - ADDED ENTRY ELEMENTS (KOHA) | |
| Koha item type | E-Book |
| Withdrawn status | Source of classification or shelving scheme | Damaged status | Not for loan | Home library | Current library | Date acquired | Total Checkouts | Date last seen | Price effective from | Koha item type |
|---|---|---|---|---|---|---|---|---|---|---|
| Library of Congress Classification | Not For Loan | Directory of Open Access Books | Directory of Open Access Books | 12/22/2021 | 12/22/2021 | 12/22/2021 | E-Book |